000 00739cam a22002531 4500
001 32933
003 BD-RjUL
005 20211209051922.0
008 140429r19571955enk 001 0 eng
035 _a(BD-RjUL)33023
035 _a(OCoLC)767205
040 _aDLC
_cOYU
_dOCoLC
_dDLC
_dBD-RjUL
_beng
041 _aeng
082 _a330.1
_bWEP 1957
100 1 _aWeisskopf, Walter A.
_9100107
245 1 4 _aThe psychology of economics /
_cby Walter A Weisskopf.
260 _aLondon :
_bRoutledge & Kegan,
_c1955 [Impression 1957].
300 _aviii, 266 p. ;
_c23 cm.
504 _aIncludes bibliographical references and index
650 0 _aEconomics.
_9100108
942 _2ddc
_cBK
999 _c32933
_d32933